000 00862nam a22002897a 4500
003 DO-SdBPM
005 20250702093911.0
007 ta
008 171108b1996 sp a 00| 0 spa d
020 _a8424155564
040 _aDO-SdBPM
_bspa
_cBPMSU
_erda
_drda
082 4 _a372.42
_bJ45d 1996
_222
100 1 _aJefferds, Vincent
245 1 0 _aDisney ABC /
_cVincent Jefferds
_b
264 _aLeón, España :
_bEditorial Everest,
_c1996
300 _a36 páginas :
_bilustraciones ;
_c22 cm.
336 _atexto
_btxt
_2rdacontent
337 _asin mediación
_bn
_2rdamedia
338 _avolomen
_bnc
_2rdacarrier
504 _a
590 _aInventariado, 2025/VM
650 7 _aCuentos infantiles
_xEnseñanza
650 7 _aLibros y lectura para niños
710 2 _aDisney Enterprises
910 _aVMateo V. Control de calidad. BPMSU
942 _2ddc
_cBK
999 _c15242
_d15242